[Event "Deutsche Ländermeisterschaft 2023"]
[Site "Hannover GER"]
[Date "2023.10.05"]
[Round "7"]
[White "Weihrauch, Jakob"]
[Black "Kallweit, Paul"]
[Result "1-0"]
[Termination "normal"]
[Board "7.1"]
[WhiteTitle "FM"]
[WhiteElo "2308"]
[BlackElo "1900"]
[WhiteClock "00:24:54"]
[BlackClock "00:08:33"]
[WhiteTeam "Hamburg"]
[BlackTeam "Mecklenburg-Vorpommern"]
[PlyCount "61"]
[WhiteFideId "16210115"]
[BlackFideId "16228081"]
[EventCountry "GER"]
[EventRounds "7"]
[EventType "team-swiss"]
[EventDate "2023.09.30"]

1. e4 {[%clk 01:30:58]} {[%emt 00:00:01]} c6 {[%clk 01:30:50]} {[%emt
00:00:10]} 2. d4 {[%clk 01:31:19]} {[%emt 00:00:09]} d5 {[%clk 01:31:15]}
{[%emt 00:00:04]} 3. e5 {[%clk 01:31:45]} {[%emt 00:00:05]} Bf5 {[%clk
01:31:40]} {[%emt 00:00:05]} 4. Nd2 {[%clk 01:32:07]} {[%emt 00:00:08]} e6
{[%clk 01:24:24]} {[%emt 00:07:46]} 5. Nb3 {[%clk 01:32:32]} {[%emt 00:00:05]}
Nd7 {[%clk 01:20:46]} {[%emt 00:04:07]} 6. Nf3 {[%clk 01:32:39]} {[%emt
00:00:24]} Ne7 {[%clk 01:14:18]} {[%emt 00:06:57]} 7. Be2 {[%clk 01:32:48]}
{[%emt 00:00:22]} h6 {[%clk 01:14:04]} {[%emt 00:00:44]} 8. O-O {[%clk
01:33:01]} {[%emt 00:00:17]} Bh7 {[%clk 01:13:44]} {[%emt 00:00:50]} 9. a4
{[%clk 01:33:12]} {[%emt 00:00:20]} Nf5 {[%clk 01:09:29]} {[%emt 00:04:44]} 10.
a5 {[%clk 01:33:26]} {[%emt 00:00:16]} Be7 {[%clk 01:05:12]} {[%emt 00:04:47]}
11. c4 {[%clk 01:29:41]} {[%emt 00:04:16]} dxc4 {[%clk 00:57:55]} {[%emt
00:07:46]} 12. Bxc4 {[%clk 01:27:14]} {[%emt 00:02:57]} O-O {[%clk 00:55:29]}
{[%emt 00:02:56]} 13. Qe2 {[%clk 01:10:18]} {[%emt 00:17:27]} b5 {[%clk
00:40:19]} {[%emt 00:15:38]} 14. Bd3 {[%clk 01:10:18]} {[%emt 00:00:30]} Rc8
{[%clk 00:40:29]} {[%emt 00:00:20]} 15. Rd1 {[%clk 00:56:47]} {[%emt 00:14:01]}
a6 {[%clk 00:37:58]} {[%emt 00:03:01]} 16. Bd2 {[%clk 00:50:00]} {[%emt
00:07:18]} c5 {[%clk 00:30:27]} {[%emt 00:08:01]} 17. dxc5 {[%clk 00:46:23]}
{[%emt 00:04:06]} Nxc5 {[%clk 00:30:16]} {[%emt 00:00:42]} 18. Nxc5 {[%clk
00:43:33]} {[%emt 00:03:20]} Rxc5 {[%clk 00:28:09]} {[%emt 00:02:36]} 19. Be4
{[%clk 00:32:21]} {[%emt 00:11:43]} Qb8 {[%clk 00:22:05]} {[%emt 00:06:33]} 20.
g4 {[%clk 00:28:46]} {[%emt 00:04:06]} Nh4 {[%clk 00:22:14]} {[%emt 00:00:21]}
21. Bxh7+ {[%clk 00:29:07]} {[%emt 00:00:09]} Kxh7 {[%clk 00:22:37]} {[%emt
00:00:08]} 22. Nxh4 {[%clk 00:29:13]} {[%emt 00:00:24]} Bxh4 {[%clk 00:21:54]}
{[%emt 00:01:13]} 23. Bb4 {[%clk 00:29:28]} {[%emt 00:00:15]} Rxe5 {[%clk
00:21:43]} {[%emt 00:00:40]} 24. Qc2+ {[%clk 00:28:28]} {[%emt 00:01:29]} f5
{[%clk 00:17:15]} {[%emt 00:04:58]} 25. Bd6 {[%clk 00:28:13]} {[%emt 00:00:45]}
Qb7 {[%clk 00:14:05]} {[%emt 00:03:40]} 26. Bxe5 {[%clk 00:26:22]} {[%emt
00:02:21]} Rc8 {[%clk 00:12:57]} {[%emt 00:01:38]} 27. Qe2 {[%clk 00:25:09]}
{[%emt 00:01:43]} Rc4 {[%clk 00:12:17]} {[%emt 00:01:09]} 28. Rd4 {[%clk
00:25:07]} {[%emt 00:00:33]} Rc5 {[%clk 00:12:06]} {[%emt 00:00:42]} 29. Rad1
{[%clk 00:24:15]} {[%emt 00:01:21]} Rxe5 {[%clk 00:08:07]} {[%emt 00:04:29]}
30. Qxe5 {[%clk 00:24:39]} {[%emt 00:00:06]} Qf3 {[%clk 00:08:33]} {[%emt
00:00:04]} 31. Qe3 {[%clk 00:24:54]} {[%emt 00:00:15]} 1-0

[Event "Deutsche Ländermeisterschaft 2023"]
[Site "Hannover GER"]
[Date "2023.10.05"]
[Round "7"]
[White "Herrmann, Jakob"]
[Black "Avdic, Faris"]
[Result "1-0"]
[Termination "normal"]
[Board "7.2"]
[WhiteElo "2071"]
[BlackElo "2106"]
[WhiteClock "00:41:13"]
[BlackClock "01:00:24"]
[WhiteTeam "Mecklenburg-Vorpommern"]
[BlackTeam "Hamburg"]
[PlyCount "49"]
[WhiteFideId "16287169"]
[BlackFideId "14422328"]
[EventCountry "GER"]
[EventRounds "7"]
[EventType "team-swiss"]
[EventDate "2023.09.30"]

1. e4 {[%clk 01:30:53]} {[%emt 00:00:05]} e6 {[%clk 01:30:53]} {[%emt
00:00:07]} 2. d4 {[%clk 01:31:17]} {[%emt 00:00:06]} d5 {[%clk 01:31:19]}
{[%emt 00:00:05]} 3. e5 {[%clk 01:31:29]} {[%emt 00:00:18]} c5 {[%clk
01:31:41]} {[%emt 00:00:08]} 4. c3 {[%clk 01:31:51]} {[%emt 00:00:07]} Nc6
{[%clk 01:31:18]} {[%emt 00:00:54]} 5. Nf3 {[%clk 01:32:14]} {[%emt 00:00:06]}
Qb6 {[%clk 01:31:42]} {[%emt 00:00:07]} 6. Bd3 {[%clk 01:32:31]} {[%emt
00:00:13]} cxd4 {[%clk 01:32:03]} {[%emt 00:00:08]} 7. O-O {[%clk 01:32:49]}
{[%emt 00:00:13]} Bd7 {[%clk 01:32:26]} {[%emt 00:00:06]} 8. Re1 {[%clk
01:33:08]} {[%emt 00:00:12]} Rc8 {[%clk 01:32:49]} {[%emt 00:00:07]} 9. Nbd2
{[%clk 01:29:28]} {[%emt 00:04:09]} dxc3 {[%clk 01:31:37]} {[%emt 00:01:42]}
10. bxc3 {[%clk 01:29:52]} {[%emt 00:00:06]} Na5 {[%clk 01:31:54]} {[%emt
00:00:13]} 11. Rb1 {[%clk 01:29:06]} {[%emt 00:01:16]} Qc7 {[%clk 01:31:46]}
{[%emt 00:00:38]} 12. Ng5 {[%clk 01:25:49]} {[%emt 00:03:46]} g6 {[%clk
01:23:11]} {[%emt 00:09:05]} 13. Qf3 {[%clk 01:23:13]} {[%emt 00:03:06]} Bc6
{[%clk 01:23:30]} {[%emt 00:00:11]} 14. Qh3 {[%clk 01:17:24]} {[%emt 00:06:20]}
Nh6 {[%clk 01:17:31]} {[%emt 00:06:29]} 15. Ndf3 {[%clk 01:07:21]} {[%emt
00:10:32]} Bd7 {[%clk 01:15:33]} {[%emt 00:02:28]} 16. Re3 {[%clk 00:59:05]}
{[%emt 00:08:46]} Qxc3 {[%clk 01:10:09]} {[%emt 00:05:55]} 17. Bd2 {[%clk
00:55:30]} {[%emt 00:04:05]} Qc7 {[%clk 01:10:21]} {[%emt 00:00:17]} 18. Nd4
{[%clk 00:54:16]} {[%emt 00:01:44]} Nc4 {[%clk 01:07:04]} {[%emt 00:03:48]} 19.
Bxc4 {[%clk 00:45:56]} {[%emt 00:08:50]} Qxc4 {[%clk 01:07:15]} {[%emt
00:00:19]} 20. Bc3 {[%clk 00:45:51]} {[%emt 00:00:35]} Nf5 {[%clk 01:03:52]}
{[%emt 00:03:53]} 21. Nxf5 {[%clk 00:44:59]} {[%emt 00:01:22]} gxf5 {[%clk
01:04:19]} {[%emt 00:00:03]} 22. Qh5 {[%clk 00:44:46]} {[%emt 00:00:43]} d4
{[%clk 01:01:08]} {[%emt 00:03:42]} 23. Qxf7+ {[%clk 00:40:42]} {[%emt
00:04:34]} Kd8 {[%clk 01:01:37]} 24. Rxb7 {[%clk 00:40:58]} {[%emt 00:00:15]}
Rc7 {[%clk 01:00:24]} {[%emt 00:01:43]} 25. Rb8+ {[%clk 00:41:13]} {[%emt
00:00:14]} 1-0

[Event "Deutsche Ländermeisterschaft 2023"]
[Site "Hannover GER"]
[Date "2023.10.05"]
[Round "7"]
[White "Fuhrmann, Bahne"]
[Black "Großmann, Piet"]
[Result "1-0"]
[Termination "normal"]
[Board "7.3"]
[WhiteElo "2097"]
[BlackElo "1904"]
[WhiteClock "00:25:45"]
[BlackClock "00:25:19"]
[WhiteTeam "Hamburg"]
[BlackTeam "Mecklenburg-Vorpommern"]
[PlyCount "113"]
[WhiteFideId "16244842"]
[BlackFideId "16234359"]
[EventCountry "GER"]
[EventRounds "7"]
[EventType "team-swiss"]
[EventDate "2023.09.30"]

1. e4 {[%clk 01:30:58]} {[%emt 00:00:01]} e6 {[%clk 01:30:56]} {[%emt
00:00:04]} 2. d4 {[%clk 01:31:24]} {[%emt 00:00:04]} d5 {[%clk 01:31:21]}
{[%emt 00:00:05]} 3. exd5 {[%clk 01:31:50]} {[%emt 00:00:04]} exd5 {[%clk
01:31:45]} {[%emt 00:00:06]} 4. Nf3 {[%clk 01:32:17]} {[%emt 00:00:02]} Bd6
{[%clk 01:31:54]} {[%emt 00:00:20]} 5. c4 {[%clk 01:32:10]} {[%emt 00:00:37]}
Nf6 {[%clk 01:32:20]} {[%emt 00:00:05]} 6. c5 {[%clk 01:32:38]} {[%emt
00:00:03]} Be7 {[%clk 01:32:45]} {[%emt 00:00:04]} 7. Bd3 {[%clk 01:33:05]}
{[%emt 00:00:04]} O-O {[%clk 01:31:27]} {[%emt 00:01:48]} 8. O-O {[%clk
01:33:31]} {[%emt 00:00:04]} b6 {[%clk 01:31:42]} {[%emt 00:00:15]} 9. Be3
{[%clk 01:33:56]} {[%emt 00:00:04]} Bg4 {[%clk 01:26:14]} {[%emt 00:05:58]} 10.
h3 {[%clk 01:34:12]} {[%emt 00:00:15]} Bh5 {[%clk 01:26:37]} {[%emt 00:00:07]}
11. Nbd2 {[%clk 01:34:21]} {[%emt 00:00:20]} bxc5 {[%clk 01:21:50]} {[%emt
00:05:17]} 12. dxc5 {[%clk 01:32:15]} {[%emt 00:02:36]} Bg6 {[%clk 01:17:10]}
{[%emt 00:05:10]} 13. Bxg6 {[%clk 01:31:12]} {[%emt 00:01:33]} hxg6 {[%clk
01:17:36]} {[%emt 00:00:04]} 14. b4 {[%clk 01:28:30]} {[%emt 00:03:12]} c6
{[%clk 01:17:29]} {[%emt 00:00:37]} 15. Qa4 {[%clk 01:28:25]} {[%emt 00:00:36]}
Qc7 {[%clk 01:13:00]} {[%emt 00:04:58]} 16. Nd4 {[%clk 01:27:33]} {[%emt
00:01:22]} Rc8 {[%clk 01:12:28]} {[%emt 00:01:02]} 17. N2b3 {[%clk 01:27:19]}
{[%emt 00:00:45]} Ne4 {[%clk 01:11:40]} {[%emt 00:01:18]} 18. Na5 {[%clk
01:26:52]} {[%emt 00:00:56]} Bf6 {[%clk 01:11:19]} {[%emt 00:00:50]} 19. Rfe1
{[%clk 01:24:41]} {[%emt 00:02:42]} Bxd4 {[%clk 01:06:28]} {[%emt 00:05:21]}
20. Bxd4 {[%clk 01:25:10]} {[%emt 00:00:01]} Nd7 {[%clk 01:06:46]} {[%emt
00:00:13]} 21. Re2 {[%clk 01:23:15]} {[%emt 00:02:24]} Nf8 {[%clk 01:05:07]}
{[%emt 00:02:09]} 22. f3 {[%clk 01:10:33]} {[%emt 00:13:13]} Ne6 {[%clk
00:52:26]} {[%emt 00:13:11]} 23. fxe4 {[%clk 01:06:08]} {[%emt 00:04:55]} Nxd4
{[%clk 00:51:30]} {[%emt 00:01:26]} 24. Rd2 {[%clk 01:05:07]} {[%emt 00:01:31]}
Qg3 {[%clk 00:37:08]} {[%emt 00:14:51]} 25. Qd1 {[%clk 01:02:42]} {[%emt
00:02:55]} Qe3+ {[%clk 00:36:39]} {[%emt 00:00:59]} 26. Kh1 {[%clk 01:01:46]}
{[%emt 00:01:26]} Nb5 {[%clk 00:36:53]} {[%emt 00:00:15]} 27. exd5 {[%clk
01:01:11]} {[%emt 00:01:06]} cxd5 {[%clk 00:35:02]} {[%emt 00:02:20]} 28. Rd3
{[%clk 00:56:42]} {[%emt 00:04:59]} Qf4 {[%clk 00:34:49]} {[%emt 00:00:43]} 29.
a4 {[%clk 00:54:51]} {[%emt 00:02:21]} Nc3 {[%clk 00:31:24]} {[%emt 00:03:55]}
30. Qd2 {[%clk 00:51:44]} {[%emt 00:03:36]} Qxd2 {[%clk 00:31:32]} {[%emt
00:00:23]} 31. Rxd2 {[%clk 00:52:12]} {[%emt 00:00:01]} Rab8 {[%clk 00:30:54]}
{[%emt 00:01:07]} 32. Rd4 {[%clk 00:37:10]} {[%emt 00:15:33]} Ne2 {[%clk
00:29:25]} {[%emt 00:01:58]} 33. Rxd5 {[%clk 00:28:46]} {[%emt 00:08:55]} Rxb4
{[%clk 00:29:39]} {[%emt 00:00:16]} 34. c6 {[%clk 00:25:14]} {[%emt 00:04:02]}
Rb2 {[%clk 00:14:59]} {[%emt 00:15:10]} 35. Rd7 {[%clk 00:21:44]} {[%emt
00:04:00]} Rc2 {[%clk 00:15:12]} {[%emt 00:00:17]} 36. Rb1 {[%clk 00:18:12]}
{[%emt 00:04:02]} Rc5 {[%clk 00:14:36]} {[%emt 00:01:06]} 37. Rb5 {[%clk
00:18:21]} {[%emt 00:00:22]} Rc1+ {[%clk 00:14:58]} {[%emt 00:00:08]} 38. Kh2
{[%clk 00:18:44]} {[%emt 00:00:07]} a6 {[%clk 00:15:22]} {[%emt 00:00:05]} 39.
Rbb7 {[%clk 00:18:12]} {[%emt 00:01:02]} Rc5 {[%clk 00:15:01]} {[%emt
00:00:51]} 40. c7 {[%clk 00:17:58]} {[%emt 00:00:43]} Kh7 {[%clk 00:15:20]}
{[%emt 00:00:11]} 41. Nb3 {[%clk 00:17:08]} {[%emt 00:01:20]} Rc2 {[%clk
00:12:06]} {[%emt 00:03:43]} 42. Rxf7 {[%clk 00:12:40]} {[%emt 00:04:58]} g5
{[%clk 00:11:30]} {[%emt 00:01:06]} 43. Rf2 {[%clk 00:12:15]} {[%emt 00:00:55]}
g4 {[%clk 00:08:52]} {[%emt 00:03:09]} 44. g3 {[%clk 00:08:14]} {[%emt
00:04:31]} gxh3 {[%clk 00:06:21]} {[%emt 00:03:02]} 45. Ra7 {[%clk 00:01:42]}
{[%emt 00:07:01]} Rc3 {[%clk 00:01:38]} {[%emt 00:05:12]} 46. Rxe2 {[%clk
00:27:45]} {[%emt 00:04:28]} Rxb3 {[%clk 00:32:00]} {[%emt 00:00:08]} 47. Rc2
{[%clk 00:28:11]} {[%emt 00:00:04]} Rb6 {[%clk 00:30:35]} {[%emt 00:01:54]} 48.
a5 {[%clk 00:28:23]} {[%emt 00:00:18]} Re6 {[%clk 00:29:36]} {[%emt 00:01:29]}
49. Rb7 {[%clk 00:28:26]} {[%emt 00:00:28]} Re7 {[%clk 00:25:44]} {[%emt
00:04:21]} 50. Rc6 {[%clk 00:28:06]} {[%emt 00:00:50]} Kg8 {[%clk 00:24:27]}
{[%emt 00:01:47]} 51. Rb8 {[%clk 00:26:14]} {[%emt 00:02:22]} Ree8 {[%clk
00:24:51]} {[%emt 00:00:06]} 52. Rxc8 {[%clk 00:24:27]} {[%emt 00:02:17]} Rxc8
{[%clk 00:25:16]} {[%emt 00:00:05]} 53. Kxh3 {[%clk 00:24:51]} {[%emt
00:00:06]} Kf7 {[%clk 00:25:32]} {[%emt 00:00:13]} 54. Kg4 {[%clk 00:25:17]}
{[%emt 00:00:05]} Ke7 {[%clk 00:25:56]} {[%emt 00:00:06]} 55. Kg5 {[%clk
00:25:35]} {[%emt 00:00:12]} Kd7 {[%clk 00:26:18]} {[%emt 00:00:07]} 56. Rc5
{[%clk 00:25:23]} {[%emt 00:00:43]} Kd6 {[%clk 00:25:19]} {[%emt 00:01:28]} 57.
Rc3 {[%clk 00:25:45]} {[%emt 00:00:08]} 1-0

[Event "Deutsche Ländermeisterschaft 2023"]
[Site "Hannover GER"]
[Date "2023.10.05"]
[Round "7"]
[White "Schulz, Bruno Andreas"]
[Black "Hubert, Charlotte"]
[Result "1-0"]
[Termination "normal"]
[Board "7.4"]
[WhiteElo "1737"]
[BlackElo "1850"]
[WhiteClock "00:29:35"]
[BlackClock "00:15:17"]
[WhiteTeam "Mecklenburg-Vorpommern"]
[BlackTeam "Hamburg"]
[PlyCount "53"]
[WhiteFideId "34618473"]
[BlackFideId "16265920"]
[EventCountry "GER"]
[EventRounds "7"]
[EventType "team-swiss"]
[EventDate "2023.09.30"]

1. d4 {[%clk 01:30:59]} {[%emt 17:10:46]} Nf6 {[%clk 01:30:47]} {[%emt
00:00:13]} 2. c4 {[%clk 01:31:27]} {[%emt 00:00:03]} e6 {[%clk 01:31:01]}
{[%emt 00:00:15]} 3. Nf3 {[%clk 01:31:54]} {[%emt 00:00:03]} Bb4+ {[%clk
01:31:07]} {[%emt 00:00:24]} 4. Nc3 {[%clk 01:31:39]} {[%emt 00:00:45]} d5
{[%clk 01:31:30]} {[%emt 00:00:06]} 5. cxd5 {[%clk 01:32:01]} {[%emt 00:00:09]}
exd5 {[%clk 01:31:50]} {[%emt 00:00:10]} 6. Bf4 {[%clk 01:32:09]} {[%emt
00:00:22]} c6 {[%clk 01:28:02]} {[%emt 00:04:17]} 7. e3 {[%clk 01:32:24]}
{[%emt 00:00:16]} O-O {[%clk 01:26:28]} {[%emt 00:02:04]} 8. Bd3 {[%clk
01:32:06]} {[%emt 00:00:49]} Nbd7 {[%clk 01:25:38]} {[%emt 00:01:20]} 9. O-O
{[%clk 01:32:20]} {[%emt 00:00:16]} Re8 {[%clk 01:25:11]} {[%emt 00:00:57]} 10.
Ne5 {[%clk 01:29:53]} {[%emt 00:02:58]} Nf8 {[%clk 01:18:27]} {[%emt 00:07:13]}
11. Re1 {[%clk 01:26:16]} {[%emt 00:04:07]} Ne6 {[%clk 01:08:35]} {[%emt
00:10:22]} 12. Bg3 {[%clk 01:26:05]} {[%emt 00:00:41]} g6 {[%clk 01:05:36]}
{[%emt 00:03:29]} 13. Bh4 {[%clk 01:24:35]} {[%emt 00:01:58]} Be7 {[%clk
01:00:53]} {[%emt 00:05:15]} 14. Bc2 {[%clk 01:21:52]} {[%emt 00:03:13]} Ng7
{[%clk 00:59:11]} {[%emt 00:02:11]} 15. e4 {[%clk 01:16:46]} {[%emt 00:05:36]}
Nxe4 {[%clk 00:54:33]} {[%emt 00:05:08]} 16. Bxe7 {[%clk 01:15:42]} {[%emt
00:01:34]} Nxc3 {[%clk 00:53:25]} {[%emt 00:01:39]} 17. Nxf7 {[%clk 01:09:41]}
{[%emt 00:06:32]} Nxd1 {[%clk 00:40:03]} {[%emt 00:13:51]} 18. Nxd8 {[%emt
00:39:37]} Nxb2 {[%clk 00:39:27]} {[%emt 00:01:03]} 19. Bf6 {[%clk 00:30:51]}
{[%emt 00:00:15]} Rf8 {[%clk 00:31:49]} {[%emt 00:08:08]} 20. Be7 {[%clk
00:29:44]} {[%emt 00:01:38]} Rf4 {[%clk 00:20:20]} {[%emt 00:11:58]} 21. g3
{[%clk 00:29:11]} {[%emt 00:01:04]} Rxd4 {[%clk 00:20:39]} {[%emt 00:00:10]}
22. Bf6 {[%clk 00:29:24]} {[%emt 00:00:17]} Rd2 {[%clk 00:20:57]} {[%emt
00:00:13]} 23. Re7 {[%clk 00:29:08]} {[%emt 00:00:46]} Ne6 {[%clk 00:18:10]}
{[%emt 00:03:16]} 24. Re8+ {[%clk 00:29:29]} {[%emt 00:00:10]} Nf8 {[%clk
00:18:35]} {[%emt 00:00:06]} 25. Rae1 {[%clk 00:29:03]} {[%emt 00:00:55]} Bd7
{[%clk 00:16:46]} {[%emt 00:02:20]} 26. R1e7 {[%clk 00:29:26]} {[%emt
00:00:07]} Bxe8 {[%clk 00:15:17]} {[%emt 00:01:59]} 27. Rg7+ {[%clk 00:29:35]}
{[%emt 00:00:20]} 1-0

[Event "Deutsche Ländermeisterschaft 2023"]
[Site "Hannover GER"]
[Date "2023.10.05"]
[Round "7"]
[White "Lu, Yunong Elias"]
[Black "Köpnick, Amanda"]
[Result "1-0"]
[Termination "normal"]
[Board "7.5"]
[WhiteElo "1828"]
[BlackElo "1333"]
[WhiteClock "01:17:07"]
[BlackClock "00:25:57"]
[WhiteTeam "Hamburg"]
[BlackTeam "Mecklenburg-Vorpommern"]
[PlyCount "67"]
[WhiteFideId "16276426"]
[BlackFideId "34618538"]
[EventCountry "GER"]
[EventRounds "7"]
[EventType "team-swiss"]
[EventDate "2023.09.30"]

1. e4 {[%clk 01:30:58]} {[%emt 00:00:02]} e5 {[%clk 01:30:56]} {[%emt
00:00:05]} 2. Nf3 {[%clk 01:31:20]} {[%emt 00:00:06]} Nc6 {[%clk 01:31:20]}
{[%emt 00:00:07]} 3. Bb5 {[%clk 01:31:47]} {[%emt 00:00:03]} a6 {[%clk
01:31:28]} {[%emt 00:00:22]} 4. Ba4 {[%clk 01:32:12]} {[%emt 00:00:05]} b5
{[%clk 01:28:43]} {[%emt 00:03:15]} 5. Bb3 {[%clk 01:32:37]} {[%emt 00:00:05]}
h6 {[%clk 01:28:52]} {[%emt 00:00:21]} 6. c3 {[%clk 01:31:39]} {[%emt
00:01:28]} Nf6 {[%clk 01:27:47]} {[%emt 00:01:35]} 7. d3 {[%clk 01:26:58]}
{[%emt 00:05:11]} d5 {[%clk 01:25:16]} {[%emt 00:03:01]} 8. Qe2 {[%clk
01:26:49]} {[%emt 00:00:39]} Bg4 {[%clk 01:22:13]} {[%emt 00:03:33]} 9. Nbd2
{[%clk 01:26:46]} {[%emt 00:00:33]} Be7 {[%clk 01:21:29]} {[%emt 00:01:14]} 10.
exd5 {[%clk 01:23:26]} {[%emt 00:03:49]} Nxd5 {[%clk 01:20:49]} {[%emt
00:01:11]} 11. Qe4 {[%clk 01:23:50]} {[%emt 00:00:07]} Be6 {[%clk 01:18:35]}
{[%emt 00:02:43]} 12. Nxe5 {[%clk 01:23:33]} {[%emt 00:00:47]} Nxe5 {[%clk
01:16:59]} {[%emt 00:02:06]} 13. Qxe5 {[%clk 01:23:57]} {[%emt 00:00:05]} O-O
{[%clk 01:16:40]} {[%emt 00:00:50]} 14. Ne4 {[%clk 01:23:23]} {[%emt 00:01:04]}
c6 {[%clk 01:14:07]} {[%emt 00:03:03]} 15. O-O {[%clk 01:22:43]} {[%emt
00:01:09]} Bf6 {[%clk 01:03:02]} {[%emt 00:11:36]} 16. Qg3 {[%clk 01:19:41]}
{[%emt 00:03:32]} Kh8 {[%clk 01:01:47]} 17. Nxf6 {[%clk 01:18:09]} {[%emt
00:03:47]} Qxf6 {[%clk 01:01:53]} 18. Be3 {[%clk 01:18:24]} {[%emt 00:00:39]}
Bf5 {[%clk 00:55:44]} 19. d4 {[%clk 01:16:40]} {[%emt 00:08:54]} Ne7 {[%clk
00:53:24]} 20. Bf4 {[%clk 01:15:28]} {[%emt 00:04:32]} Ng6 {[%clk 00:52:14]}
21. Rfe1 {[%clk 01:15:42]} {[%emt 00:01:56]} Nxf4 {[%clk 00:51:07]} 22. Qxf4
{[%clk 01:16:06]} {[%emt 00:01:42]} Qg6 {[%clk 00:48:32]} 23. Re3 {[%clk
01:16:29]} {[%emt 00:03:12]} Be6 {[%clk 00:45:35]} 24. Rg3 {[%clk 01:16:28]}
{[%emt 00:03:59]} Qf5 {[%clk 00:44:49]} 25. Qxf5 {[%clk 01:16:34]} {[%emt
00:01:39]} Bxf5 {[%clk 00:45:09]} 26. Re1 {[%clk 01:17:00]} {[%emt 00:00:14]}
Rab8 {[%emt 00:03:53]} 27. Re7 Kg8 {[%clk 00:40:26]} {[%emt 00:02:06]} 28. f4
{[%clk 01:17:13]} {[%emt 00:00:31]} a5 {[%clk 00:39:46]} {[%emt 00:01:10]} 29.
Re5 {[%clk 01:15:43]} {[%emt 00:01:59]} Bd7 {[%clk 00:37:40]} {[%emt 00:02:36]}
30. f5 {[%clk 01:16:02]} {[%emt 00:00:12]} a4 {[%clk 00:36:26]} {[%emt
00:01:43]} 31. f6 {[%clk 01:16:19]} {[%emt 00:00:14]} axb3 {[%clk 00:25:39]}
{[%emt 00:11:17]} 32. Rxg7+ {[%clk 01:16:41]} {[%emt 00:00:08]} Kh8 {[%clk
00:25:41]} {[%emt 00:00:29]} 33. Rh5 {[%clk 01:17:07]} {[%emt 00:00:04]} bxa2
{[%clk 00:25:57]} {[%emt 00:00:13]} 34. Rxh6# {[%emt 00:00:06]} 1-0